| 000 | 00779nam a2200241 a 4500 | ||
|---|---|---|---|
| 005 | 20240228064130.0 | ||
| 008 | 140520s2004 es r 000 0 spa d | ||
| 020 | _a8428525854 | ||
| 035 | _aUPN01000197318 | ||
| 049 | _aI | ||
| 050 | 4 |
_aPZ44 _bS2.3 2004 |
|
| 100 | 1 |
_aSala Gallini, Mario, _d1959- _935511 |
|
| 245 | 1 | 0 |
_aCuentos de las buenas noches / _cMario Sala Gallini ; il. Desederia Guicciardini, tr. José Francisco Domínguez. |
| 250 | _a2a ed. | ||
| 260 |
_aMadrid : _bSan Pablo, _cc2004. |
||
| 300 |
_a73 p. : _bil. col. |
||
| 440 | 0 | _aCuentos de 5 minutos | |
| 534 |
_pTítulo original: _tStorie della buonanotte |
||
| 650 | 4 |
_aCuentos infantiles italianos _97373 |
|
| 650 | 4 |
_aLibros y lectura para niños _92290 |
|
| 905 | _aInfantil | ||
| 999 |
_c169419 _d169419 |
||